<?xml version="1.0" encoding="UTF-8"?>
<collection xmlns="http://www.loc.gov/MARC21/slim">
 <record>
  <leader>02991nam a22003493u 4500</leader>
  <controlfield tag="001">1/46073</controlfield>
  <controlfield tag="006">m        d        </controlfield>
  <controlfield tag="007">cr mn---------</controlfield>
  <controlfield tag="008">160111t2014    |||     s    |||||||eng|d</controlfield>
  <datafield tag="020" ind1=" " ind2=" ">
   <subfield code="a">9781119941897 (print)</subfield>
  </datafield>
  <datafield tag="020" ind1=" " ind2=" ">
   <subfield code="a">9781118591079 (electronic bk.)</subfield>
  </datafield>
  <datafield tag="035" ind1=" " ind2=" ">
   <subfield code="a">EBL2006086</subfield>
   <subfield code="l">49044</subfield>
  </datafield>
  <datafield tag="040" ind1=" " ind2=" ">
   <subfield code="a">AU-PeEL</subfield>
   <subfield code="c">AU-PeEL</subfield>
   <subfield code="d">AU-PeEL</subfield>
  </datafield>
  <datafield tag="050" ind1="0" ind2="0">
   <subfield code="a">HD30.28 .G7213 2014</subfield>
  </datafield>
  <datafield tag="082" ind1="0" ind2="0">
   <subfield code="a">658.4/012</subfield>
  </datafield>
  <datafield tag="100" ind1="1" ind2=" ">
   <subfield code="a">Grant, Robert M.,</subfield>
   <subfield code="d">1948-</subfield>
  </datafield>
  <datafield tag="245" ind1="1" ind2="0">
   <subfield code="a">Contemporary strategy analysis :</subfield>
   <subfield code="b">text and cases.</subfield>
   <subfield code="h">[electronic resource].</subfield>
  </datafield>
  <datafield tag="250" ind1=" " ind2=" ">
   <subfield code="a">8th ed.</subfield>
  </datafield>
  <datafield tag="260" ind1=" " ind2=" ">
   <subfield code="a">Hoboken :</subfield>
   <subfield code="b">John Wiley Inc,</subfield>
   <subfield code="c">2014.</subfield>
  </datafield>
  <datafield tag="300" ind1=" " ind2=" ">
   <subfield code="a">844 p.</subfield>
  </datafield>
  <datafield tag="505" ind1="0" ind2=" ">
   <subfield code="a">Cover; Title Page; Copyright; Brief Contents; Contents; Preface to Eighth Edition; Guide to Web Resources; Part I: Introduction; 1: The Concept of Strategy; Introduction and Objectives; The Role of Strategy in Success; The Basic Framework for Strategy Analysis; Strategic Fit; A Brief History of Business Strategy; Origins and Military Antecedents; From Corporate Planning to Strategic Management; Strategy Today; What Is Strategy?; Why Do Firms Need Strategy?; Where Do We Find Strategy?; Corporate and Business Strategy; Describing Strategy; How Is Strategy Made? The Strategy Process</subfield>
  </datafield>
  <datafield tag="505" ind1="8" ind2=" ">
   <subfield code="a">Design versus EmergenceThe Role of Analysis in Strategy Formulation; Strategic Management of Not-For-Profit Organizations; Summary; Self-Study Questions; Notes; Part II: The Tools of Strategy Analysis; 2: Goals, Values, and Performance; Introduction and Objectives; Strategy as a Quest for Value; Value for Whom? Shareholders versus Stakeholde</subfield>
  </datafield>
  <datafield tag="520" ind1=" " ind2=" ">
   <subfield code="a">Robert M. Grant combines a highly accessible writing style with a concentration on the fundamentals of value creation and an emphasis on practicality in this leading strategy text. In this new edition, he includes an even greater focus on strategy implementation that reflects the needs of firms to reconcile scale economies with entrepreneurial flexibility, innovation with cost efficiency, and globalization with local responsiveness.  This edition also incorporates some of the key strategic issues of today including: post-financial crisis adjustment, the continuing rise of China, India and Brazil, and the increased emphasis on ethics and sustainability.  Coverage is also provided on strategy in not-for-profit organizations. Contemporary Strategy Analysis, Text and Cases 8th Edition combines the text with an updated collection of 20 case studies.  It is suitable for both MBA and advanced undergraduate students.</subfield>
  </datafield>
  <datafield tag="533" ind1=" " ind2=" ">
   <subfield code="a">Electronic reproduction.</subfield>
   <subfield code="n">Available via World Wide Web.</subfield>
  </datafield>
  <datafield tag="538" ind1=" " ind2=" ">
   <subfield code="a">Mode of access: World Wide Web.</subfield>
  </datafield>
  <datafield tag="650" ind1=" " ind2="4">
   <subfield code="a">Strategic planning.</subfield>
  </datafield>
  <datafield tag="655" ind1=" " ind2="7">
   <subfield code="a">Electronic books</subfield>
   <subfield code="2">lcsh</subfield>
  </datafield>
  <datafield tag="710" ind1="2" ind2=" ">
   <subfield code="a">Ebooks Corporation.</subfield>
  </datafield>
  <datafield tag="776" ind1="1" ind2=" ">
   <subfield code="z">9781119941897</subfield>
  </datafield>
  <datafield tag="852" ind1=" " ind2=" ">
   <subfield code="a">INST</subfield>
   <subfield code="b">UNIPILB</subfield>
   <subfield code="c">EBOOKS</subfield>
   <subfield code="e">20200921</subfield>
   <subfield code="p">00b49044</subfield>
   <subfield code="q">00b49044</subfield>
   <subfield code="t">ONLINE</subfield>
   <subfield code="y">0</subfield>
  </datafield>
  <datafield tag="856" ind1="4" ind2="0">
   <subfield code="u">http://patron.eb20.com/AccessTitle/ISBN/9781118591079</subfield>
  </datafield>
  <datafield tag="856" ind1="4" ind2=" ">
   <subfield code="d">/webopac/covers/03/49044_9781119941897.jpg</subfield>
   <subfield code="z">(print)</subfield>
  </datafield>
 </record>
</collection>
